| 000 | 00437nam a2200181Ia 4500 | ||
|---|---|---|---|
| 005 | 20240823005436.0 | ||
| 008 | 240823s9999||||xx |||||||||||||| ||und|| | ||
| 041 | _aENGLISH | ||
| 082 | _A621.385 | ||
| 100 | _a"Baylin,Frank" | ||
| 245 | 0 | _a"Install,Aim and Repair Your Satellite T V System" | |
| 250 | _a2nd | ||
| 260 | _b"BPB,New " | ||
| 500 | _aTransfered | ||
| 650 |
_aTelevision _bElectronics |
||
| 942 | _cBK | ||
| 999 |
_c155727 _d155727 |
||